| 000 | 00808nam a2200205 a 4500 | ||
|---|---|---|---|
| 005 | 20161010173205.0 | ||
| 008 | 161010bxx ck a||||r|||| 00| 0 spa d | ||
| 040 |
_aCO-BoIAVH _cCO-BoIAVH |
||
| 041 | 0 | _aspa | |
| 044 | _ack | ||
| 090 |
_aFG- _b0064 |
||
| 245 | 0 | 3 |
_aLa exención del impuesto predial por conservación : _bun instrumento ambiental para los municipios / |
| 260 |
_aBogotá?, Colombia : _bGEF : _bPNUD, _c[s.f.]. |
||
| 300 |
_a1 plegable (17 páginas) : _bilustraciones a color ; _c23 x 16 cm. |
||
| 500 | _aConservación de la biodiversidad en predios productivos. | ||
| 650 | 2 | 6 |
_aPolítica ambiental _zColombia |
| 650 | 2 | 6 |
_aPolítica ambiental _xConservación de la naturaleza _xTributación _zColombia |
| 650 | 2 | 4 | _aExanción de impuestos |
| 942 |
_2z _cFolleto |
||
| 999 |
_c19077 _d19077 |
||